000 00830nam a22002417a 4500
999 _c16427
_d16427
003 AR-CdUCM
008 190503b ||||| |||| 00| 0 spa d
040 _aMUNICIPALIDAD PROVINCIAL DEL CUSCO
_cBIBLIOTECA MUNICIPAL DEL CUSCO
082 _a335.4 /
_bM26
100 _aMarx, Carlos
_92702
245 _aAcerca del internacionalismo proletario y el nacionalismo burgues /
260 _aMoscu :
_bEditorial de la agencia de prensa novosti,
_c1975.
300 _a125 paginas ;
_bilustraciones, graficos, dibujos,
_c17 cm.
500 _aHistoria y literatura
505 _aContenido: todo sobre el nacionalismo burgues
650 _aNacionalismo
_92901
650 _aBurgues
_935868
650 _aLiteratura
_983
700 _aEngels, F
_95699
700 _aLenin, V
_935869
942 _2ddc
_cLIBROS
945 _apjha
_d2019-05-03